| 000 | 00701cam a22002171 4500 | ||
|---|---|---|---|
| 001 | sa 66005406 | ||
| 003 | DLC | ||
| 005 | 20260227112249.0 | ||
| 008 | 840815s1965 ii c b 000 0beng | ||
| 010 | _asa 66005406 | ||
| 025 | _aPL480:I-E-5683 | ||
| 035 | _a(OCoLC)11057905 | ||
| 040 |
_aDLC _cNcWsW _dDLC |
||
| 050 | 0 | 0 |
_aDS481.K26 _bP7 |
| 100 | 1 |
_aPrasad, Madho, _d1902 or 1903-1964. |
|
| 245 | 1 | 2 |
_aA Gandhian patriarch; _ba political and spiritual biography of Kaka Kalelkar. _cForeword by Lal Bahadur Shastri. |
| 260 |
_aBombay, _bPopular Prakashan _c[1965] |
||
| 300 |
_ax, 378 p. _bport. _c23 cm. |
||
| 504 | _aBibliography: p. 365-369. | ||
| 600 | 1 | 0 |
_aKalelkar, Dattatraya Balakrishna, _d1885- |
| 999 |
_c69936 _d69936 |
||